The political economy of international relations / (Record no. 553633)
[ view plain ]
| 000 -LEADER | |
|---|---|
| fixed length control field | 00838pam a2200229 a 4500 |
| 020 ## - INTERNATIONAL STANDARD BOOK NUMBER | |
| International Standard Book Number | 0691022623 (pbk.) : |
| 020 ## - INTERNATIONAL STANDARD BOOK NUMBER | |
| International Standard Book Number | 0691077320 (alk. paper) : |
| 082 00 - DEWEY DECIMAL CLASSIFICATION NUMBER | |
| Classification number | 337 |
| Author Mark | GIL |
| 100 1# - MAIN ENTRY--PERSONAL NAME | |
| Personal name | Gilpin, Robert. |
| 9 (RLIN) | 538 |
| 245 14 - TITLE STATEMENT | |
| Title | The political economy of international relations / |
| Statement of responsibility, etc. | Robert Gilpin, with the assistance of Jean M. Gilpin. |
| 260 ## - PUBLICATION, DISTRIBUTION, ETC. | |
| Place of publication, distribution, etc. | Princeton, N.J. : |
| Name of publisher, distributor, etc. | Princeton University Press, |
| Date of publication, distribution, etc. | 1987. |
| 300 ## - PHYSICAL DESCRIPTION | |
| Extent | xvi, 449 p. ; |
| Dimensions | 25 cm. |
| 500 ## - GENERAL NOTE | |
| General note | Includes index. |
| 526 ## - STUDY PROGRAM INFORMATION NOTE | |
| Program name | 0 |
| Interest level | 0 |
| Reading level | 0 |
| Title point value | 337_000000000000000_GIL |
| 526 ## - STUDY PROGRAM INFORMATION NOTE | |
| Program name | 0 |
| Interest level | 0 |
| Reading level | 0 |
| Title point value | 337_000000000000000_GIL |
| 650 #0 - SUBJECT ADDED ENTRY--TOPICAL TERM | |
| Topical term or geographic name entry element | Commercial policy. |
| 9 (RLIN) | 37182 |
| 650 #0 - SUBJECT ADDED ENTRY--TOPICAL TERM | |
| Topical term or geographic name entry element | International economic relations. |
| 9 (RLIN) | 539 |
| 650 #0 - SUBJECT ADDED ENTRY--TOPICAL TERM | |
| Topical term or geographic name entry element | International finance. |
| 9 (RLIN) | 3156 |
| 700 1# - ADDED ENTRY--PERSONAL NAME | |
| Personal name | Gilpin, Jean M. |
| 9 (RLIN) | 540 |
| 856 42 - ELECTRONIC LOCATION AND ACCESS | |
| Uniform Resource Identifier | <a href="http://www.loc.gov/catdir/enhancements/fy0654/86025562-d.html">http://www.loc.gov/catdir/enhancements/fy0654/86025562-d.html</a> |
| 942 ## - ADDED ENTRY ELEMENTS (KOHA) | |
| Source of classification or shelving scheme | |
| Koha item type | Book |
| Withdrawn status | Lost status | Source of classification or shelving scheme | Damaged status | Not for loan | Permanent Location | Current Location | Date acquired | Total Checkouts | Full call number | Barcode | Date last seen | Price effective from | Koha item type |
|---|---|---|---|---|---|---|---|---|---|---|---|---|---|
| Military College of Engineering (MCE) | Military College of Engineering (MCE) | 02/04/2016 | 337 GIL | MCE-50223 | 02/04/2016 | 02/04/2016 | Book | ||||||
| Military College of Engineering (MCE) | Military College of Engineering (MCE) | 02/04/2016 | 337 GIL | MCE-50224 | 02/04/2016 | 02/04/2016 | Book |
